| 000 | 00693nam a2200277 a 4500 | ||
|---|---|---|---|
| 003 | AR-BaBNM | ||
| 005 | 20251128203008.0 | ||
| 008 | 082120s2002 ||||||||||||||000 | spa|| | ||
| 040 | _cAR-BaBNM | ||
| 100 | 0 | _aAliber, Alicia | |
| 245 | 0 | 0 | _aCompendio de cooperativas |
| 260 |
_aBuenos Aires _bIntercoop _c1984 |
||
| 300 | _a149 p. | ||
| 490 | 0 |
_aManuales _vv. 13 |
|
| 650 | 4 | _aHISTORIA DE LAS IDEAS | |
| 650 | 4 | _aHISTORIA ECONOMICA | |
| 650 | 4 | _aESTADO | |
| 650 | 4 | _aEDUCACION | |
| 650 | 4 | _aCOOPERATIVAS | |
| 650 | 4 | _aEDUCACION COOPERATIVA | |
| 650 | 4 | _aMOVIMIENTOS COOPERATIVOS | |
| 650 | 4 | _aHISTORIA SOCIAL | |
| 700 | 1 | _aDrimer, Bernardo | |
| 942 | _cBK | ||
| 998 | _cmariana | ||
| 999 |
_c1429 _d1429 |
||